How many Batman Villains can you Name? - Statistics

General Stats
  • This quiz has been taken 551 times
  • The average score is 20 of 35
Answer Stats
Answer % Correct
The Joker
100%
Harley Quinn
92%
Penguin
92%
The Riddler
92%
Bane
91%
Two Face
90%
Catwoman
89%
Poison Ivy
89%
Scarecrow
86%
Mr. Freeze
83%
Killer Croc
81%
Clayface
79%
Ra's al Ghul
76%
ManBat
71%
Mad Hatter
68%
Deathstroke
64%
Firefly
63%
Deadshot
62%
Red Hood
59%
Hush
58%
Black Mask
55%
Hugo Strange
53%
Professor Pyg
49%
Killer Moth
46%
Calendar Man
44%
Victor Zsasz
41%
Scarface
40%
The Court Of Owls
37%
Clock King
23%
OwlMan
15%
Maximillian Zeus
14%
The Batman Who Laughs
14%
Great White Shark
13%
Onomatopoeia
5%
Failsafe
3%
No matching quizzes found
Score Distribution
Percent of People with Each Score
Percentile by Number Answered
Your Score History
You have not taken this quiz